000 00942nmc a2200301 a 4500
003 AR-X00000XY
005 20251128211854.0
008 216120s2006 ||||||||||||||000 | spa||
040 _cAR-X00000XY
245 1 0 _aMatemática 3
_bPrimer ciclo EGB : nivel primario
260 _aBuenos Aires
_bMECyT
_c2006
300 0 _a139 p.
490 0 _aNúcleos de aprendizajes prioritarios. Cuadernos para el aula
504 _aContiene referencias bibliográficas
521 _aPRIMARIO
650 4 _aGUIA DEL DOCENTE
650 4 _aDESARROLLO DEL CURRICULO
650 4 _aENSENANZA DE LAS MATEMATICAS
651 4 _aArgentina
653 0 _aPRIMER CICLO DE LA EGB
653 0 _aCONTENIDOS CURRICULARES
653 0 _aESTRATEGIAS DIDACTICAS
653 0 _aEDUCACION PRIMARIA
653 0 _aGESTION CURRICULAR
710 1 _aArgentina
_bMinisterio de Educación
_bConsejo Federal de Cultura y Educación
942 _cBK
998 _cNancy
999 _c21432
_d21432